=LDR 00000nam 2200000 4500 =001 INLIS000000000029858 =005 20130612132045 =008 ***********************************Ind** =035 ##$$0010-061300000029858 =041 ##$$a Ind =082 ##$$a F Rom D =090 ##$$a F Rom D, Adi-t =100 ##$$a Adil, Indra =245 ##$$a The Lady Di Conspiracy, Misteri di balik tragedi pont d'alma, Indra Adil =260 ##$$a 2007 $b Jakarta =300 ##$$a xl,536 hal, ilus, 23 cm =650 ##$$a Fiksi Dewasa =850 ##$$a NBPNMAT =990 ##$$a 0001/BPAP-NTB/2016